[Event "Ostend op"]
[Site "Ostend"]
[Date "1987.??.??"]
[Round "8"]
[White "Flear, Glenn C"]
[Black "Geenen, Marc"]
[Result "1-0"]
[WhiteElo "2480"]
[BlackElo "2295"]

1.d4 d5 2.c4 c6 3.Nc3 e6 4.e3 Nf6 5.Nf3 Nbd7 6.Qc2 Bd6 7.Be2 O-O 8.O-O dxc4
9.Bxc4 e5 10.h3 Qe7 11.Bd2 h6 12.Bb3 Re8 13.dxe5 Nxe5 14.Nd4 c5 15.Nf5 Bxf5
16.Qxf5 c4 17.Ba4 Red8 18.Ne4 Nxe4 19.Qxe4 Nd3 20.Qxe7 Bxe7 21.Bc3 a6 22.Rfd1 Nc5
23.Bc2 Rxd1+ 24.Rxd1 Rd8 25.Rxd8+ Bxd8 26.Kf1 f6 27.Ke2 Kf7 28.Bb4 Ne6 29.Be4 b5
30.Kd2 Be7 31.Kc3 Nc7 32.Bb7 Ke6 33.Bc8+ Ke5 34.f4+ Ke4 35.Bb7+ Kxe3 36.Bxe7 Kxf4
37.Bd6+  1-0

[Event "Pavlodar"]
[Site "Pavlodar"]
[Date "1987.??.??"]
[Round "?"]
[White "Kharitonov, Andrei Y"]
[Black "Gorelov, Sergey G"]
[Result "1/2-1/2"]
[WhiteElo "2450"]
[BlackElo "2430"]

1.d4 Nf6 2.Nf3 d5 3.c4 e6 4.Nc3 c6 5.e3 Bd6 6.b3 Nbd7 7.Bb2 O-O 8.Be2 Ne4
9.Nxe4 dxe4 10.Nd2 f5 11.Qc2 e5 12.c5 Bc7 13.Nc4 exd4 14.Bxd4 Qe7 15.b4 b6
16.Qb3 Kh8 17.Rd1 Ba6 18.Qb2 Bxc4 19.Bxc4 Ne5 20.Be2 f4 21.exf4 Nd3+ 22.Bxd3 exd3+
23.Be3 Bxf4 24.Qd2 bxc5 25.bxc5 Rad8 26.O-O Bxe3 27.Qxe3 Qd7 28.Rd2 Rf5 29.Rfd1 Rd5
30.h3 h6 31.Qf3 Rd4 32.Kh2 a5 33.Re1 Rd5 34.Re3 Kg8 35.Qg3 Kh8  1/2-1/2

[Event "Philadelphia op"]
[Site "Philadelphia"]
[Date "1987.??.??"]
[Round "?"]
[White "Burger, Karl"]
[Black "Asmundsson, Ingvar"]
[Result "1-0"]
[WhiteElo "2310"]
[BlackElo "2375"]

1.d4 d5 2.Nf3 Nf6 3.c4 c6 4.Nc3 e6 5.e3 Nbd7 6.Bd3 dxc4 7.Bxc4 b5 8.Bd3 Bb7
9.O-O a6 10.e4 b4 11.Na4 c5 12.e5 Nd5 13.Bg5 Qa5 14.Rc1 cxd4 15.Re1 Be7 16.Bxe7 Kxe7
17.Nd2 Rhc8 18.Rxc8 Rxc8 19.Nc4 Qc7 20.Qh5 h6 21.Nd6 Rf8 22.Qh4+ f6 23.Nxb7 Qxb7
24.exf6+ Rxf6 25.Qxd4 Nf4 26.Bf1 Nh3+ 27.Kh1 Rxf2 28.Qe3 h5  1-0

[Event "POL-ch"]
[Site "?"]
[Date "1987.??.??"]
[Round "?"]
[White "Staniszewski, Piotr"]
[Black "Maciejewski, Miroslaw"]
[Result "0-1"]
[WhiteElo "2420"]
[BlackElo "2285"]

1.d4 d5 2.c4 c6 3.Nc3 Nf6 4.Nf3 e6 5.e3 Nbd7 6.Bd3 dxc4 7.Bxc4 b5 8.Bd3 a6
9.e4 c5 10.e5 cxd4 11.Nxb5 Ng4 12.Qa4 Ngxe5 13.Nxe5 Nxe5 14.Nd6+ Ke7 15.Nxc8+ Rxc8
16.Bxa6 Ra8 17.Qb4+ Kf6 18.Qd2 Kg6 19.Bd3+ f5 20.O-O Nxd3 21.Qxd3 Qd5 22.Bf4 Be7
23.Rfe1 Rxa2 24.Rac1 Rha8 25.g4 Bh4 26.gxf5+ Qxf5 27.Rxe6+ Bf6 28.Qg3+ Kf7
29.Rxf6+ Qxf6 30.Rc7+ Ke8 31.Bg5 Qf5 32.Rxg7 Qd5 33.Re7+ Kf8 34.f3 Rxb2 35.Qf4+ Kg8
36.Rg7+ Kxg7 37.Qf6+ Kg8 38.Qg7+ Kxg7 39.Bf6+ Kxf6  0-1

[Event "POL-ch"]
[Site "?"]
[Date "1987.??.??"]
[Round "?"]
[White "Staniszewski, Piotr"]
[Black "Kuczynski, Robert"]
[Result "1/2-1/2"]
[WhiteElo "2420"]
[BlackElo "2450"]

1.d4 d5 2.c4 c6 3.Nf3 Nf6 4.Nc3 e6 5.e3 Nbd7 6.Bd3 dxc4 7.Bxc4 b5 8.Bd3 a6
9.e4 c5 10.e5 cxd4 11.Nxb5 Nxe5 12.Nxe5 axb5 13.O-O Qd5 14.Qe2 Ba6 15.Bg5 Be7
16.f4 O-O 17.Rf3 Bb7 18.Rg3 Rxa2 19.Rxa2 Qxa2 20.Bxf6 Bxf6 21.Nd7 Be7 22.Bxh7+ Kxh7
23.Rxg7+  1/2-1/2

[Event "POL-ch"]
[Site "?"]
[Date "1987.??.??"]
[Round "?"]
[White "Staniszewski, Piotr"]
[Black "Pinkas, Karol"]
[Result "1-0"]
[WhiteElo "2420"]
[BlackElo "2405"]

1.d4 d5 2.c4 c6 3.Nf3 Nf6 4.Nc3 e6 5.e3 Nbd7 6.Bd3 dxc4 7.Bxc4 b5 8.Bd3 a6
9.e4 c5 10.e5 cxd4 11.Nxb5 Nxe5 12.Nxe5 axb5 13.Bxb5+ Bd7 14.Nxd7 Qa5+ 15.Bd2 Qxb5
16.Nxf8 Rxf8 17.a4 Qc4 18.b3 Qd3 19.Qf3 Qe4+ 20.Qxe4 Nxe4 21.b4 Ke7 22.f3 Nc3
23.Bxc3 dxc3 24.Ke2 Rfb8 25.b5 Ra5 26.Rhb1 c2 27.Rb4 Kd6 28.Kd2 Rc8 29.Kc1 Rc3
30.b6 Ra8 31.a5 Kc5 32.b7 Rb8 33.a6 Kxb4 34.a7 Rxb7 35.a8=Q  1-0

[Event "POL-ch"]
[Site "?"]
[Date "1987.??.??"]
[Round "?"]
[White "Staniszewski, Piotr"]
[Black "Bany, Jerzy"]
[Result "1/2-1/2"]
[WhiteElo "2420"]
[BlackElo "2430"]

1.d4 d5 2.c4 c6 3.Nc3 Nf6 4.Nf3 e6 5.e3 Nbd7 6.Bd3 dxc4 7.Bxc4 b5 8.Bd3 a6
9.e4 c5 10.e5 cxd4 11.Nxb5 Nxe5 12.Nxe5 axb5 13.Bxb5+ Bd7 14.Nxd7 Qa5+ 15.Bd2 Qxb5
16.Nxf8 Kxf8 17.a4 Qxb2 18.O-O Nd5 19.Rb1 Qa2 20.Qh5 Kg8 21.Rb7 Rf8 22.Qe5 h5
23.Qxd4 Ra8 24.a5 h4 25.Rfb1 Rh5 26.Rb8+ Rxb8 27.Rxb8+ Kh7 28.Qe4+ g6 29.h3 Qa1+
30.Qb1 Qa4 31.Qb2 e5 32.Qc1 Kg7 33.Rd8 Nf4 34.Bxf4 Qxf4 35.Qc5 Kh7 36.a6 Rg5
37.Qc6 Rf5 38.Qc5 Rg5 39.Qc6 Rf5  1/2-1/2

[Event "POL-ch"]
[Site "?"]
[Date "1987.??.??"]
[Round "?"]
[White "Kuligowski, Adam"]
[Black "Matlak, Marek"]
[Result "0-1"]
[WhiteElo "2400"]
[BlackElo "2390"]

1.d4 d5 2.c4 e6 3.Nc3 c6 4.Nf3 Nf6 5.e3 Nbd7 6.Bd3 dxc4 7.Bxc4 b5 8.Bd3 Bb7
9.e4 b4 10.Na4 c5 11.e5 Nd5 12.O-O cxd4 13.Re1 g6 14.Bg5 Qa5 15.Nd2 Ba6 16.Nc4 Bxc4
17.Bxc4 Bg7 18.a3 Nxe5 19.axb4 Nxb4 20.Nc3 Qb6 21.Qa4+ Kf8 22.Bb5 Nbd3 23.Bxd3 Nxd3
24.Ne4 Nxe1 25.Qd7 h6 26.Rxe1 Qa5 27.Rc1 hxg5 28.Nd6 Kg8 29.Qxf7+ Kh7 30.Qxe6 g4  0-1

[Event "POL-ch"]
[Site "?"]
[Date "1987.??.??"]
[Round "?"]
[White "Maciejewski, Miroslaw"]
[Black "Pinkas, Karol"]
[Result "1/2-1/2"]
[WhiteElo "2285"]
[BlackElo "2405"]

1.d4 d5 2.c4 c6 3.Nf3 Nf6 4.Nc3 e6 5.e3 Nbd7 6.Bd3 dxc4 7.Bxc4 b5 8.Bd3 a6
9.e4 c5 10.e5 cxd4 11.Nxb5 Nxe5 12.Nxe5 axb5 13.O-O Qd5 14.Qe2 Ba6 15.Bg5 Be7
16.f4 O-O 17.Rf3 Bb7 18.Rg3 Rxa2 19.Rxa2 Qxa2 20.Bh6 g6 21.h4 Rc8 22.f5 exf5
23.Bxf5 Bc5 24.Qd3 Qa1+ 25.Kh2 Bd6 26.Qxd4 Bc5 27.Nxg6 hxg6 28.Qxf6 Qg1+
29.Kh3 Qh1+ 30.Kg4 Bd4 31.Qe7 Qf1 32.Bf4 Qd1+ 33.Kh3 Qh1+ 34.Kg4 Qd1+ 35.Kh3 Qh1+
36.Kg4 Qd1+ 37.Kh3  1/2-1/2

[Event "Rubinstein mem"]
[Site "Polanica Zdroj"]
[Date "1987.??.??"]
[Round "?"]
[White "Popchev, Milko"]
[Black "Boensch, Uwe"]
[Result "0-1"]
[WhiteElo "2460"]
[BlackElo "2530"]

1.d4 Nf6 2.Nf3 d5 3.c4 e6 4.Nc3 c6 5.e3 Nbd7 6.Qc2 Bd6 7.Be2 O-O 8.O-O e5
9.cxd5 cxd5 10.Nb5 Bb8 11.dxe5 Nxe5 12.b3 Nfg4 13.Nbd4 Qd6 14.g3 a6 15.Nxe5 Qxe5
16.Ba3 Re8 17.Rad1 Qh5 18.Bxg4 Bxg4 19.f3 Bh3 20.Rfe1 Ba7 21.Qf2 Qg6 22.Bb2 h5
23.Rc1 Rac8 24.Rxc8 Rxc8 25.Rc1 Rxc1+ 26.Bxc1 Bxd4 27.exd4 Qd3 28.Bd2 f6
29.Be1 Kf7 30.Bd2 b6 31.Be1 Ke6 32.Bd2 Kd6 33.Be1 a5 34.Bd2 Kc6 35.Be1 Kb5
36.Bd2 a4 37.bxa4+ Kxa4 38.f4 b5 39.Be1 Ka3 40.Bd2 Qc4 41.Be1 Bf5 42.Qd2 Qc2
43.Qa5+ Qa4 44.Kf2 Kxa2 45.Ke3 Be4 46.Qd2+ Kb1 47.Qc3 Qc4 48.Qxc4 bxc4 49.Bb4 Kc2
50.Ke2 c3 51.Ba5 Bf5 52.h4 Bg4+ 53.Ke1 g6  0-1

[Event "Porabka"]
[Site "Porabka"]
[Date "1987.??.??"]
[Round "7"]
[White "Halasz, Tamas"]
[Black "Bany, Jerzy"]
[Result "0-1"]
[WhiteElo "2400"]
[BlackElo "2430"]

1.d4 d5 2.c4 c6 3.Nc3 Nf6 4.e3 e6 5.Nf3 Nbd7 6.Bd3 dxc4 7.Bxc4 b5 8.Bd3 a6
9.e4 c5 10.e5 cxd4 11.Nxb5 Ng4 12.Nd6+ Bxd6 13.exd6 Bb7 14.Bf4 Bxf3 15.gxf3 Qf6
16.Bg3 Nge5 17.Be4 Rb8 18.f4 Nc4 19.O-O h5 20.h3 h4 21.Bh2 Nxd6 22.Bd3 O-O
23.Qe2 Nc5 24.Bxa6 Qg6+ 25.Kh1 Qe4+ 26.Kg1 d3 27.Qxe4 Ndxe4 28.f3 Ng3 29.Bxg3 hxg3
30.Bc4 Rxb2 31.Rab1 Rc2 32.Bb3 Nxb3 33.axb3 Ra8 34.Rfd1 d2 35.Kf1 Raa2 36.Kg2 Rc3
37.Kxg3 Rac2 38.Ra1 Rxb3 39.h4 Kh7 40.Kg4 Rbc3 41.Ra5 Rd3 42.Raa1 Rcc3 43.Rf1 Rc4
44.Kg3 Rdc3 45.Rad1 Rc1 46.Rg1 Kh6 47.Rh1 Kh5 48.Rhg1 Rxd1 49.Rxd1 Rd4 50.Kf2 Rd5
51.Ke3 Kxh4 52.Rh1+ Kg3 53.Rg1+ Kh2 54.Rd1 Kg2 55.Ke2 f5 56.Ke3 g6 57.Ke2 e5  0-1

[Event "Porabka"]
[Site "Porabka"]
[Date "1987.??.??"]
[Round "8"]
[White "Pekarek, Ales"]
[Black "Halasz, Tamas"]
[Result "1-0"]
[WhiteElo "2480"]
[BlackElo "2400"]

1.Nf3 Nf6 2.c4 e6 3.Nc3 d5 4.d4 c6 5.e3 Nbd7 6.Bd3 dxc4 7.Bxc4 b5 8.Bd3 a6
9.O-O Bb7 10.e4 c5 11.d5 c4 12.Bc2 e5 13.Ne2 Bd6 14.Ng3 g6 15.Bg5 h6 16.Bd2 Qc7
17.a4 b4 18.a5 b3 19.Bb1 h5 20.h3 h4 21.Ne2 Ng8 22.Ra4 Ne7 23.Nc3 f6 24.Qe2 Rc8
25.Rc1 Nc5 26.Ra1 Nd3 27.Bxd3 cxd3 28.Qxd3 Qd7 29.Na4 Rxc1+ 30.Bxc1 f5 31.Ng5 fxe4
32.Nxe4 Nxd5 33.Nb6 Nxb6 34.Nf6+ Ke7 35.Nxd7  1-0

[Event "Portoroz"]
[Site "Portoroz"]
[Date "1987.??.??"]
[Round "?"]
[White "Boensch, Uwe"]
[Black "Polajzer, Danilo"]
[Result "1-0"]
[WhiteElo "2530"]
[BlackElo "2375"]

1.d4 d5 2.c4 c6 3.Nc3 Nf6 4.e3 e6 5.Nf3 Nbd7 6.Bd3 dxc4 7.Bxc4 b5 8.Bd3 a6
9.e4 c5 10.d5 c4 11.dxe6 cxd3 12.exd7+ Qxd7 13.O-O Bb7 14.Re1 Rd8 15.e5 Ng4
16.Ne4 Bxe4 17.Rxe4 Qf5 18.Rf4 Qh5 19.h3 Nxe5 20.Qe1 f6 21.g4 Qg6 22.Nxe5 fxe5
23.Qxe5+ Be7 24.Bd2  1-0

[Event "Poznan"]
[Site "Poznan"]
[Date "1987.??.??"]
[Round "?"]
[White "Ostrowski, Leszek"]
[Black "Novikov, Igor A"]
[Result "0-1"]
[WhiteElo "2385"]
[BlackElo "2455"]

1.d4 Nf6 2.Nf3 d5 3.c4 e6 4.Nc3 c6 5.e3 Nbd7 6.Qc2 Bd6 7.Be2 O-O 8.O-O dxc4
9.Bxc4 b5 10.Be2 Qc7 11.h3 Re8 12.Bd2 Bb7 13.Rac1 Rac8 14.Qb3 Qb8 15.Rfd1 a6
16.a3 c5 17.Qa2 h6 18.Be1 e5 19.dxc5 Nxc5 20.b4 Ne6 21.Nb1 e4 22.Rxc8 Rxc8
23.Nd4 Nxd4 24.Rxd4 Be5 25.Rd1 Bd5 26.Rxd5 Nxd5 27.Qxd5 Rc1 28.Bf1 Rxb1 29.Qxe4 Rc1
30.Bd3 Bc3  0-1

[Event "PRC-chT"]
[Site "?"]
[Date "1987.??.??"]
[Round "?"]
[White "Chen De"]
[Black "Qi Jingxuan"]
[Result "0-1"]
[WhiteElo "2345"]
[BlackElo "2425"]

1.d4 Nf6 2.c4 e6 3.Nf3 d5 4.Nc3 c6 5.e3 Nbd7 6.Bd3 dxc4 7.Bxc4 b5 8.Bd3 Bb7
9.e4 b4 10.Na4 c5 11.e5 Nd5 12.Nxc5 Nxc5 13.dxc5 Bxc5 14.O-O h6 15.Bd2 Qb6
16.Rc1 Rc8 17.Qe2 a5 18.Qe4 Ne7 19.Qg4 Rd8 20.Be4 Bxe4 21.Qxe4 O-O 22.Be3 Bxe3
23.Qxe3 Qxe3 24.fxe3 Rd5 25.e4 Rb5 26.Rc7 Ng6 27.Ra7 Nxe5 28.Nd4 Rc5 29.Nb3 Rc4
30.Rxa5 Rxe4 31.Nc5 Re2 32.Rf2 Rxf2 33.Kxf2 Rd8 34.Nb7 Nd3+ 35.Ke2 Nc1+ 36.Ke3 Rd3+
37.Ke4 Rd2 38.a3 Rxb2  0-1

[Event "Primorsko op"]
[Site "Primorsko"]
[Date "1987.??.??"]
[Round "7"]
[White "Voiska, Margarita"]
[Black "Csonkics, Tunde"]
[Result "1-0"]
[WhiteElo "2305"]
[BlackElo "2270"]

1.d4 Nf6 2.Nf3 e6 3.c4 d5 4.Nc3 c6 5.e3 Bd6 6.Bd3 Nbd7 7.O-O O-O 8.e4 dxe4
9.Nxe4 Be7 10.Qe2 Nxe4 11.Qxe4 Nf6 12.Qh4 b6 13.Bg5 g6 14.Ne5 Bb7 15.Rad1 Nd5
16.Nf3 Bxg5 17.Nxg5 Nf6 18.Qh6 Qe7 19.Rfe1 Rfd8 20.c5 Qf8 21.Qh4 h6 22.Nf3 Kg7
23.Qg3 bxc5 24.dxc5 Rd5 25.Bc4 Rxc5 26.Ne5 Rd8 27.Rxd8 Qxd8 28.b4 Qd2 29.Qe3 Qxb4
30.Nd3 Qxc4 31.Nxc5 Ng4 32.Qa3 Bc8 33.Ne4 e5 34.h3 Nf6 35.Nxf6 Kxf6 36.Qf8 Be6
37.Qh8+ Ke7 38.Qxe5 Qxa2 39.Ra1 Qd5 40.Rxa7+  1-0

[Event "Primorsko op"]
[Site "Primorsko"]
[Date "1987.??.??"]
[Round "8"]
[White "Lukov, Valentin"]
[Black "Jung, Hans Rudolf"]
[Result "1-0"]
[WhiteElo "2425"]
[BlackElo "2280"]

1.d4 Nf6 2.c4 e6 3.Nf3 d5 4.Nc3 c6 5.e3 Nbd7 6.Bd3 Bd6 7.e4 dxe4 8.Nxe4 Nxe4
9.Bxe4 Bb4+ 10.Bd2 Bxd2+ 11.Qxd2 Nf6 12.Bd3 b6 13.O-O c5 14.dxc5 bxc5 15.Rfd1 Bb7
16.Ne5 O-O 17.Bf1 Qb6 18.Qd6 Qxd6 19.Rxd6 Rfd8 20.Rad1 Rxd6 21.Rxd6 Kf8 22.f3 Rc8
23.Rd3 Ke7 24.Ra3 a6 25.Ra5 Nd7 26.Nd3 Kd6 27.a3 Ne5 28.b4 Nxd3 29.Bxd3 Ke5
30.Kf2 Kd4 31.Ke2 f5 32.Kd2 g6 33.f4 h6 34.g3 g5 35.Bf1 g4 36.b5 axb5 37.Ra7 Rb8
38.cxb5 c4 39.Ra4 Bd5 40.Rb4 Kc5 41.Kc3 Rxb5 42.Rxb5+ Kxb5 43.Kd4 h5 44.Be2 Kc6
45.Bxc4 Bxc4 46.Kxc4 e5 47.fxe5 f4 48.Kd3  1-0

[Event "Reggio Emilia8788"]
[Site "Reggio Emilia"]
[Date "1987.??.??"]
[Round "?"]
[White "Christiansen, Larry Mark"]
[Black "Tukmakov, Vladimir B"]
[Result "1/2-1/2"]
[WhiteElo "2575"]
[BlackElo "2580"]

1.d4 d5 2.c4 c6 3.Nc3 Nf6 4.e3 e6 5.Nf3 Nbd7 6.Bd3 dxc4 7.Bxc4 b5 8.Bd3 Bb7
9.a3 a6 10.b4 a5 11.Rb1 axb4 12.axb4 Nd5 13.Nxd5 exd5 14.O-O Bd6 15.e4 dxe4
16.Bxe4 O-O 17.Rb3 g6 18.Bc2 Ra1 19.Qd2 Nf6 20.Ne5 Ra2 21.Re1 Bxe5 22.Rxe5 Bc8
23.h3 Qd6 24.Rb2 Rxb2 25.Bxb2 Nd5 26.Bb3 Qxb4 27.Qxb4 Nxb4 28.Bc3 Nd3 29.Re7 Nf4
30.Bd2  1/2-1/2

[Event "Reggio Emilia8788"]
[Site "Reggio Emilia"]
[Date "1987.??.??"]
[Round "?"]
[White "Pinter, Jozsef"]
[Black "Tukmakov, Vladimir B"]
[Result "0-1"]
[WhiteElo "2575"]
[BlackElo "2580"]

1.d4 Nf6 2.c4 c6 3.Nc3 d5 4.e3 e6 5.Nf3 Nbd7 6.Bd3 dxc4 7.Bxc4 b5 8.Bd3 a6
9.e4 c5 10.e5 cxd4 11.Nxb5 Nxe5 12.Nxe5 axb5 13.Bxb5+ Bd7 14.Nxd7 Qa5+ 15.Bd2 Qxb5
16.Nxf8 Kxf8 17.a4 Qxb2 18.O-O Ne4 19.Qf3 f5 20.Bf4 Qc3 21.Qe2 d3 22.Qh5 Qf6
23.a5 g5 24.Be3 h6 25.Qd1 Rd8 26.a6 Kg7 27.a7 d2 28.Qb3 Nc3 29.Bxd2 Rxd2
30.a8=Q Rxa8 31.Rxa8 Ne4 32.Qb8 Kg6 33.Ra7 Rd8 34.Qc7 Nxf2 35.Qh7+ Kh5 36.Ra4 Ng4
37.h3 Ne3 38.g4+ Kh4 39.gxf5+ Kh5 40.Qb7 Nxf5 41.Qe4 Rd6 42.Qa8 Qd8 43.Qf3+ Kg6
44.Re4 Qf6 45.Qb3 Rc6 46.h4 Rd6 47.Qf3 h5 48.Rf2 g4 49.Qb3 Qa1+ 50.Rf1 Qa7+
51.Kh1 Qe7 52.Rfe1 Kf7 53.Rf1 Qxh4+ 54.Kg1 Kf6 55.Qb7 Kg6 56.Qc8 Qe7 57.Qb8 Rc6
58.Rb4 Qc7 59.Qg8+ Ng7 60.Rbf4 Qa7+ 61.Kh1 Qb7 62.Rf6+ Kg5 63.Rf7 Rc8+ 64.Rxb7 Rxg8
65.Re1 Kf6 66.Kg2 Rd8 67.Re2 Rd6 68.Rb8 Nf5 69.Rf8+ Kg5 70.Re8 Kf6 71.Rf8+ Kg7
72.Re8 Kf7 73.Rh8 h4 74.Ra8 Rd4 75.Ra6 Nd6 76.Ra5 Re4 77.Rxe4 Nxe4 78.Ra4 Nf6
79.Ra5 Nd5 80.Ra4 Kf6  0-1

[Event "Reggio Emilia8788"]
[Site "Reggio Emilia"]
[Date "1987.??.??"]
[Round "?"]
[White "Portisch, Lajos"]
[Black "Ribli, Zoltan"]
[Result "1/2-1/2"]
[WhiteElo "2615"]
[BlackElo "2595"]

1.d4 Nf6 2.Nf3 e6 3.c4 d5 4.Nc3 c6 5.e3 Nbd7 6.Qc2 Bd6 7.Be2 O-O 8.O-O dxc4
9.Bxc4 a6 10.a3 c5 11.dxc5 Bxc5 12.Be2 b5 13.b4 Be7 14.Ne4 Bb7 15.Nxf6+ Nxf6  1/2-1/2

[Event "Reggio Emilia8788"]
[Site "Reggio Emilia"]
[Date "1987.??.??"]
[Round "?"]
[White "Portisch, Lajos"]
[Black "Pinter, Jozsef"]
[Result "1/2-1/2"]
[WhiteElo "2615"]
[BlackElo "2575"]

1.d4 Nf6 2.c4 e6 3.Nf3 d5 4.Nc3 c6 5.e3 Nbd7 6.Qc2 Bd6 7.Be2 O-O 8.O-O dxc4
9.Bxc4 a6 10.Bd2 c5 11.a4 Qc7 12.dxc5 Nxc5 13.Rfc1 b6 14.b4 Ncd7 15.Ne4 Nxe4
16.Qxe4 Bb7 17.Qh4 Qd8 18.Qxd8 Rfxd8  1/2-1/2

[Event "Reggio Emilia8788"]
[Site "Reggio Emilia"]
[Date "1987.??.??"]
[Round "?"]
[White "Christiansen, Larry Mark"]
[Black "Ribli, Zoltan"]
[Result "1/2-1/2"]
[WhiteElo "2575"]
[BlackElo "2595"]

1.d4 d5 2.c4 c6 3.Nf3 Nf6 4.Nc3 e6 5.e3 Nbd7 6.Bd3 dxc4 7.Bxc4 b5 8.Be2 Bb7
9.O-O b4 10.Na4 Be7 11.Bd2 O-O 12.Rc1 Rc8 13.Nc5 Nxc5 14.dxc5 a5 15.a3 bxa3
16.bxa3 Ne4  1/2-1/2

[Event "Reggio Emilia8788"]
[Site "Reggio Emilia"]
[Date "1987.??.??"]
[Round "?"]
[White "Andersson, Ulf"]
[Black "Pinter, Jozsef"]
[Result "1/2-1/2"]
[WhiteElo "2600"]
[BlackElo "2575"]

1.Nf3 Nf6 2.c4 e6 3.Nc3 d5 4.d4 c6 5.e3 Nbd7 6.Bd3 dxc4 7.Bxc4 b5 8.Bd3 Bb7
9.a3 a5 10.O-O Be7 11.e4 b4 12.Na4 Rc8 13.axb4 axb4 14.Be3 O-O 15.Rc1 Ng4
16.Bf4 Ngf6  1/2-1/2

[Event "Reggio Emilia8788"]
[Site "Reggio Emilia"]
[Date "1987.??.??"]
[Round "?"]
[White "Tukmakov, Vladimir B"]
[Black "Ribli, Zoltan"]
[Result "1/2-1/2"]
[WhiteElo "2580"]
[BlackElo "2595"]

1.d4 d5 2.c4 c6 3.Nc3 Nf6 4.e3 e6 5.Nf3 Nbd7 6.Bd3 dxc4 7.Bxc4 b5 8.Bd3 Bb7
9.e4 b4 10.Na4 c5 11.e5 Nd5 12.Nxc5 Nxc5 13.dxc5 Bxc5 14.O-O h6 15.Nd2 O-O
16.Nc4 Ne7 17.Nd6 Bxd6 18.exd6 Nd5 19.Be4  1/2-1/2

[Event "Rio Hondo"]
[Site "Rio Hondo"]
[Date "1987.??.??"]
[Round "8"]
[White "Panno, Oscar"]
[Black "Cifuentes Parada, Roberto"]
[Result "1/2-1/2"]
[WhiteElo "2520"]
[BlackElo "2490"]

1.c4 e6 2.Nf3 d5 3.d4 Nf6 4.Nc3 c6 5.e3 Nbd7 6.Bd3 dxc4 7.Bxc4 b5 8.Bb3 b4
9.Ne2 Bb7 10.O-O Bd6 11.Nf4 O-O 12.Re1 c5 13.d5 exd5 14.Nxd5 Ne5 15.e4 Nxd5
16.Bxd5 Nxf3+ 17.gxf3 Bxd5 18.Qxd5 Re8 19.e5 Bf8 20.Qe4 a5 21.Be3 Ra6 22.Rac1 Qc8
23.Kh1 Rae6 24.f4 Kh8 25.Red1 f6 26.Rd5 Qc6 27.f3 fxe5 28.fxe5 Qc7 29.f4 h6
30.b3 g5 31.Rc4 gxf4 32.Bxf4 Qf7 33.Rc1 Rf6 34.Be3 Rf3 35.Rcd1 Rf1+ 36.Bg1 Rxd1
37.Rxd1 a4 38.Rd3 axb3 39.axb3 Qe6 40.Rd5 Qc6 41.Bf2 Rd8 42.Rd4 Qxe4+ 43.Rxe4 Be7
44.e6 Kg7 45.Rf4 Kg6 46.Kg2 Rc8 47.Kf3 Rc6 48.Re4 Kf5 49.Be3 h5 50.h3 Rc8
51.Bf4 Rd8 52.Re5+ Kg6 53.Be3 Rd3 54.Ke4 Rxb3 55.Bxc5 Bxc5 56.Rxc5 Rb1 57.Rb5 Kf6
58.Rxh5  1/2-1/2

[Event "FRA-ch"]
[Site "Rouen"]
[Date "1987.??.??"]
[Round "11"]
[White "Villeneuve, Alain"]
[Black "Ferry, Roger"]
[Result "1-0"]
[WhiteElo "2310"]
[BlackElo "2200"]

1.c4 c6 2.Nc3 d5 3.d4 Nf6 4.e3 e6 5.Nf3 Be7 6.Bd3 dxc4 7.Bxc4 b5 8.Bd3 Bb7
9.O-O Nbd7 10.e4 a6 11.Re1 O-O 12.e5 Nd5 13.Qc2 h6 14.Qe2 Nxc3 15.bxc3 c5
16.a4 c4 17.Bb1 Nb6 18.axb5 axb5 19.Rxa8 Qxa8 20.Qc2 g6 21.Bxh6 Re8 22.Ng5 Bxg5
23.Bxg5 Nd5 24.Re4 Kg7 25.Rg4 Rg8 26.h4 Qa4 27.Qc1 Nxc3 28.Bf6+ Kf8 29.Qxc3 Qd1+
30.Kh2 Ke8 31.Qb4 Kd7 32.Rg3 Qxd4 33.Rd3  1-0

[Event "ARG-ch"]
[Site "Salta"]
[Date "1987.??.??"]
[Round "2"]
[White "Soppe, Guillermo"]
[Black "Tempone, Marcelo"]
[Result "0-1"]
[WhiteElo "2350"]
[BlackElo "2435"]

1.d4 d5 2.c4 c6 3.Nc3 Nf6 4.e3 e6 5.Nf3 Nbd7 6.Qc2 Bd6 7.Bd2 a6 8.e4 dxe4
9.Nxe4 Nxe4 10.Qxe4 Nf6 11.Qh4 c5 12.Bd3 Be7 13.O-O cxd4 14.Rad1 Qb6 15.b4 Bd7
16.Ne5 Ba4 17.Rb1 Nd7 18.Qg3 Nxe5 19.Qxg7 Nxd3 20.Qxh8+ Bf8 21.Bh6 O-O-O
22.Bxf8 Bc2 23.c5 Qc6 24.Qg7 Bxb1 25.Rxb1 Qe4 26.Bd6 Nf4 27.Rf1 d3 28.f3 Qe3+
29.Kh1 Qe2 30.Rg1 d2  0-1

[Event "Sochi"]
[Site "Sochi"]
[Date "1987.??.??"]
[Round "?"]
[White "Smagin, Sergey"]
[Black "Sveshnikov, Evgeny"]
[Result "1-0"]
[WhiteElo "2555"]
[BlackElo "2490"]

1.d4 d5 2.c4 e6 3.Nc3 c6 4.Nf3 Nf6 5.e3 Nbd7 6.Bd3 dxc4 7.Bxc4 b5 8.Bd3 Bb7
9.e4 b4 10.Na4 c5 11.e5 Nd5 12.O-O cxd4 13.Nxd4 a6 14.Nxe6 fxe6 15.Qh5+ Ke7
16.Bg5+ N5f6 17.exf6+ gxf6 18.Bh4 Qe8 19.Qg4 Kf7 20.Rfe1 Bd6 21.Rxe6 Rg8
22.Qh5+ Kxe6 23.Bc4+ Ke7 24.Qxh7+ Kd8 25.Qxg8 Qxg8 26.Bxg8 Bc6 27.Bb3 Kc7
28.Rc1 Kb7 29.Bg3 Bxg3 30.hxg3 Ne5 31.f4 Bxa4 32.Bxa4 Nd3 33.Rc4 Rd8 34.a3 a5
35.axb4 Nxb2 36.Bc6+ Kb6 37.bxa5+ Kxa5 38.Rc2 Nd1 39.Bf3 Ne3 40.Rc3 Nd1  1-0

[Event "Sochi"]
[Site "Sochi"]
[Date "1987.??.??"]
[Round "?"]
[White "Tukmakov, Vladimir B"]
[Black "Horvath, Jozsef"]
[Result "1/2-1/2"]
[WhiteElo "2580"]
[BlackElo "2465"]

1.d4 d5 2.c4 c6 3.Nc3 Nf6 4.e3 e6 5.Nf3 Nbd7 6.Bd3 dxc4 7.Bxc4 b5 8.Bd3 a6
9.e4 c5 10.e5 cxd4 11.Nxb5 Ng4 12.Qa4 Rb8 13.Nd6+ Bxd6 14.exd6 Qb6 15.h3 Nf6
16.Qxd4 Qxd4 17.Nxd4 Rb6 18.Nb3 Rxd6 19.Be2 O-O 20.O-O Nd5 21.Bd2 Ne5 22.Rfd1 Nc6
23.Be3 Rfd8 24.Bc5 R6d7 25.Bf1 Ndb4 26.Rdc1 Rb7 27.Be3 a5 28.Nc5 Rb8 29.Na4 Bd7
30.Rc5 Be8 31.b3 Rd5 32.Nc3 Rxc5 33.Bxc5 Rd8 34.Bb5 h6 35.a3 Nd5 36.Ne4 Ne5
37.a4 f5 38.Bxe8 Rxe8 39.Nd6 Rb8 40.Nb5 Nd3 41.Bd6 Rc8 42.Rd1 Rc1 43.Rxc1 Nxc1
44.Nd4 Nc3 45.Bc7 e5 46.Bxe5 N3e2+ 47.Nxe2 Nxe2+ 48.Kf1 Nc1 49.Bc3 Nxb3 50.Ke2 Nc5
51.Bd4 Nxa4 52.Kd3 Kf7 53.Kc4 Ke6 54.Bxg7 Nb6+ 55.Kb5 Nd5 56.Bxh6 f4 57.Kxa5 Kf5
58.Bg7 Ne7 59.Kb5 Ng6 60.Bh6 Ne5 61.Bg7 Nd3 62.Bd4 Ne1 63.g4+ fxg3 64.fxg3 Nf3
65.Be3 Ke4 66.Bf2 Ne5 67.h4 Kf3 68.Be1 Kg4 69.Kb6 Nd3 70.Bc3 Kxg3 71.h5 Kg4
72.h6 Nf4 73.Kc6 Kh5 74.h7 Ng6 75.Bg7 Nh8  1/2-1/2

[Event "BUL-ch (Women)"]
[Site "Sofia"]
[Date "1987.??.??"]
[Round "5"]
[White "Juergens, Vera"]
[Black "Bratimirova, Dimitrinka"]
[Result "1-0"]
[WhiteElo "2115"]
[BlackElo "2085"]

1.d4 d5 2.c4 c6 3.e3 Nf6 4.Nc3 e6 5.Nf3 Be7 6.Bd3 O-O 7.O-O Nbd7 8.a3 dxc4
9.Bxc4 c5 10.Qe2 Nb6 11.Bd3 cxd4 12.exd4 Nbd5 13.Ne5 Bd7 14.Nxd5 exd5 15.Re1 Re8
16.Bg5 Rc8 17.Nxd7 Qxd7 18.Bb5 Qf5 19.Bxf6 Qxf6 20.Bxe8 Rxe8 21.Rac1 Kf8
22.Qe5 Qxe5 23.dxe5 b6 24.Kf1 a5 25.Rc6 Bc5 26.f4 d4 27.Ke2 d3+ 28.Kxd3 Rd8+
29.Kc2 Rd4 30.g3 Rc4+ 31.Kd3 Rd4+ 32.Kc3 Ke7 33.Rc7+ Ke8 34.Re2 Rd1 35.Kc2 Rd4
36.Rd2 Rxd2+ 37.Kxd2 g6 38.h3 h5 39.Kd3 Bf2 40.g4 hxg4 41.hxg4 Bc5  1-0

[Event "URS-FL"]
[Site "Sverdlovsk"]
[Date "1987.??.??"]
[Round "?"]
[White "Rashkovsky, Nukhim N"]
[Black "Dokhoian, Yury"]
[Result "1-0"]
[WhiteElo "2495"]
[BlackElo "2525"]

1.d4 d5 2.c4 e6 3.Nf3 Nf6 4.Nc3 c6 5.e3 Nbd7 6.Bd3 dxc4 7.Bxc4 b5 8.Be2 Bb7
9.O-O b4 10.Na4 Be7 11.a3 a5 12.Qc2 O-O 13.Rd1 Qb8 14.e4 c5 15.e5 Be4 16.Bd3 Bxd3
17.Qxd3 Nd5 18.Bg5 cxd4 19.Bxe7 Nxe7 20.Qxd4 Nd5 21.Rac1 Rc8 22.Nc5 Nxc5
23.Rxc5 bxa3 24.Rxc8+ Qxc8 25.bxa3 Nc3 26.Re1 Qc7 27.h3 Rd8 28.Qe3 h6 29.Kh1 Qc4
30.Nd2 Qd3 31.Qxd3 Rxd3 32.Nc4 a4 33.Rc1 Nb5 34.Nd6 Nxa3 35.Rc8+ Kh7 36.Ra8 Rd5
37.Nxf7 Nc2 38.Nd8 a3 39.Nxe6 Rd1+ 40.Kh2 Kg6 41.g4 Kf7 42.Nf4 Ke7 43.Ra7+ Rd7
44.Ng6+ Kd8 45.Ra5 Rd2 46.e6 Rxf2+ 47.Kg3 Re2 48.e7+ Ke8 49.h4 Re6 50.Ra8+ Kf7
51.h5 Rxe7 52.Nxe7 Kxe7 53.Kf4 Nd4 54.Rxa3 Kf6 55.Ra6+ Kf7 56.Ke4 Ne6 57.Ke5 Ng5
58.Kf5 Nh7 59.Ra7+ Kg8 60.Ke6 Ng5+ 61.Ke7 Kh7 62.Ra8 Ne4 63.Kf8 Nc5 64.Kf7 Ne4
65.Ra6 Ng5+ 66.Kf8 Kh8 67.Ra7 Ne6+ 68.Kf7 Nf4 69.Ra4 Nd3 70.Re4 Kh7 71.Kf8 Kh8
72.Kf7 Kh7 73.Re8 Nf4 74.Re3 Nd5 75.Re4  1-0

[Event "URS-FL"]
[Site "Sverdlovsk"]
[Date "1987.??.??"]
[Round "?"]
[White "Huzman, Alexander"]
[Black "Tukmakov, Vladimir B"]
[Result "1/2-1/2"]
[WhiteElo "2500"]
[BlackElo "2580"]

1.d4 d5 2.c4 c6 3.Nc3 Nf6 4.e3 e6 5.Nf3 Nbd7 6.Bd3 a6 7.b3 b5 8.O-O Be7 9.Bb2 O-O
10.c5 Qc7 11.Qc2 g6 12.h3 Nh5 13.Ne2 f5 14.Ne5 a5 15.f3 Nxe5 16.dxe5 Bd7
17.g4  1/2-1/2

[Event "Tashkent Hodzhaev"]
[Site "Tashkent"]
[Date "1987.??.??"]
[Round "?"]
[White "Malaniuk, Vladimir P"]
[Black "Shabanov, Yuri"]
[Result "1-0"]
[WhiteElo "2575"]
[BlackElo "2410"]

1.d4 d5 2.c4 c6 3.Nc3 Nf6 4.Nf3 e6 5.e3 Nbd7 6.Bd3 Bd6 7.O-O O-O 8.e4 dxe4
9.Nxe4 Nxe4 10.Bxe4 h6 11.Bc2 e5 12.b3 f5 13.dxe5 Nxe5 14.Bb2 Nxf3+ 15.Qxf3 Qc7
16.Rfe1 Qf7 17.c5 Bc7 18.b4 Re8 19.Rxe8+ Qxe8 20.Qc3 Qf8 21.Bb3+ Kh7 22.Rd1 a5
23.Qd4 a4 24.Bc4 a3 25.Bc3 Bd7 26.Qxd7 Rd8 27.Qxc7 Rxd1+ 28.Bf1 Rc1 29.Be5 Rc2
30.Qxb7 Rxa2 31.Qa7 Kg6 32.h3 h5 33.h4 Kh7 34.f4 Kg6 35.Bc4 Rc2 36.Be6 Rd2
37.Qxa3 Qe7 38.Qg3+ Kh7 39.Bxf5+  1-0